| 000 | 01043nam a22003257a 4500 | ||
|---|---|---|---|
| 003 | CHAP | ||
| 005 | 20220329141042.0 | ||
| 008 | 971013s1989 r 00010 d | ||
| 010 | _a61894 | ||
| 011 | _a62866 | ||
| 035 | _a67042 | ||
| 040 | _cCHAP | ||
| 082 |
_a632.58 _bC3 1989 |
||
| 110 |
_aCalifornia Weed Conference. El Macero, Ca. _917504 |
||
| 245 | _aPrinciples of weed control in California | ||
| 250 | _a2 ed. | ||
| 260 |
_aFresno, Ca. : _bThompson, _c1989 |
||
| 300 |
_a511 p. _b: ilus. |
||
| 590 |
_aBATCH-UPD _b10 _c20130110 _lUCH01 _h0911 |
||
| 590 |
_aBATCH-UPD _b10 _c20130410 _lUCH01 _h0536 |
||
| 590 |
_aBATCH-UPD _b10 _c20130914 _lUCH01 _h1048 |
||
| 590 |
_aCONVERSION _b10 _c20130109 _lUCH01 _h1333 |
||
| 650 | 1 | 4 |
_aControl biológico de malas hierbas. _927584 |
| 650 | 1 | 4 |
_aHerbicidas. _953691 |
| 650 | 1 | 4 |
_aMalas hierbas _xCalifornia. _970004 |
| 650 | 1 | 4 |
_aMalas hierbas _xControl. _970011 |
| 901 | _aBK | ||
| 942 | _cLIBRO | ||
| 949 |
_a632.58 C3 1989 _bBC _cLIBRO _d33724000641759 _eLIBRO _gI.179881 _h91339 _i67042 _si _t271.00 |
||
| 999 |
_c61894 _d61894 |
||